Name A Valid U.S. President by Height - Statistics

General Stats
  • This quiz has been taken 6 times
  • The average score is 7 of 12
Answer Stats
Height # Answer % Correct
6'4" (193 cm) 1 Abraham Lincoln
100%
6'2" (188 cm) 6 Thomas Jefferson | Bill Clinton | Chester A. Arthur | Franklin D. Roosevelt | George H. W. Bush | Donald Trump
100%
5'11" (180 cm) 6 William Howard Taft | Herbert Hoover | Richard Nixon | George W. Bush | Grover Cleveland | Woodrow Wilson
83%
6'1" (185 cm) 5 George Washington | Barack Obama | Andrew Jackson | John F. Kennedy | Ronald Reagan
67%
6'0" (183 cm) 7 James Monroe | John Tyler | James Buchanan | James A. Garfield | Warren G. Harding | Gerald Ford | Joe Biden
67%
5'4" (164 cm) 1 James Madison
50%
5'7" (170 cm) 3 John Quincy Adams | John Adams | William McKinley
50%
6'3" (191 cm) 1 Lyndon B. Johnson
50%
5'6" (168 cm) 2 Martin Van Buren | Benjamin Harrison
50%
5'10" (178 cm) 5 Dwight D. Eisenhower | Franklin Pierce | Andrew Johnson | Theodore Roosevelt | Calvin Coolidge
33%
5'9" (175 cm) 3 Jimmy Carter | Millard Fillmore | Harry S. Truman
33%
5'8" (173 cm) 5 Rutherford B. Hayes | William Henry Harrison | James K. Polk | Zachary Taylor | Ulysses S. Grant
33%
No matching quizzes found
Score Distribution
Percent of People with Each Score
Percentile by Number Answered
Your Score History
You have not taken this quiz